00686nam a2200217Ia 450000500170000000800410001702000180005804100120007608200170008810000310010524501050013625000120024126000370025330000210029044000300031165000260034165000250036765000280039265000200042070000280044020260429111922.0260429s9999||||xx |||||||||||||| ||und|| a9783031332258 aEnglish a004.678bSUR aSurianarayanan, Chellammal 0aEssentials of cloud computing : ba holistic, cloud-native perspective / cChellammal Surianarayanan a2nd ed. aSwitzerland : bSpringer,c2023. axii, 363 p.; pbk aTexts in Computer Science a Cloud-native systems a Distributed systems a Information technology aCloud computing a Chelliah, Pethuru Raj